| 000 | 01134nam a2200301 i 4500 | ||
|---|---|---|---|
| 001 | 17153 | ||
| 003 | ES-MaACL | ||
| 005 | 20250827062542.0 | ||
| 007 | t| | ||
| 008 | 010108s2000 sp |||| | spa d | ||
| 020 | _a84-7476-302-9 | ||
| 080 | _a32(460.15)"1987/..." | ||
| 080 | _a323.17(460.15) | ||
| 100 | 1 |
_aMoreno del Río, Carmelo. _983364 |
|
| 245 | 1 | 3 |
_aLa comunidad enmascarada _b: visiones sobre Euskadi de los partidos políticos vascos (1986-1996) / _cCarmelo Moreno del Río. |
| 250 | _a1ª ed. | ||
| 260 |
_aMadrid : _bCentro de Investigaciones Sociológicas : _bSiglo XXI de España, _c2000. |
||
| 300 |
_aXV, 397 p. ; _c21 cm. |
||
| 490 | 1 |
_aMonografías ; _v175 |
|
| 504 | _aBibliografía: p. [381]-395. | ||
| 650 | 4 |
_aNacionalismo- _zPaís Vasco. _915458 |
|
| 650 | 4 |
_aPartidos políticos- _zPaís Vasco. _9168203 |
|
| 651 | 4 |
_aPaís Vasco- _xPolítica y gobierno- _y1980-2009. _9163683 |
|
| 710 | 2 |
_aCentro de Investigaciones Sociológicas (España) _92708 |
|
| 830 | 0 | 0 |
_aMonografías (Centro de Estudios Benaventanos "Ledo del Pozo") _v175 _9177262 |
| 852 |
_aES-MaACL _jL-23991 |
||
| 999 |
_c17153 _d17153 |
||